मानवताद और आतंकवाद / (Record no. 16146)
[ view plain ]
| 000 -LEADER | |
|---|---|
| fixed length control field | 01389nam a22003017a 4500 |
| 005 - DATE AND TIME OF LATEST TRANSACTION | |
| control field | 20081003095653.0 |
| 008 - FIXED-LENGTH DATA ELEMENTS--GENERAL INFORMATION | |
| fixed length control field | 081003t xxu||||| |||| 00| 0 hin d |
| 010 ## - LCCN (DPL NO) | |
| LC control number | HIN-84255 |
| 020 ## - INTERNATIONAL STANDARD BOOK NUMBER | |
| International Standard Book Number | 81867300518 |
| Terms of availability | 400.00 |
| 035 ## - SYSTEM CONTROL NUMBER | |
| System control number | HN-56601 |
| 037 ## - SOURCE OF ACQUISITION | |
| Source of stock number/acquisition | DBAD / VEN |
| 040 ## - CATALOGING SOURCE | |
| Original cataloging agency | DPL |
| Language of cataloging | HN |
| 082 ## - DEWEY DECIMAL CLASSIFICATION NUMBER | |
| Classification number | 144 |
| 100 ## - MAIN ENTRY--PERSONAL NAME | |
| Personal name | बुद्ध प्रकाश |
| 245 ## - TITLE STATEMENT | |
| Title | मानवताद और आतंकवाद / |
| Statement of responsibility, etc | बुद्ध प्रकाश |
| 246 ## - VARYING FORM OF TITLE | |
| Title proper/short title | Maanavavaad aura Aatankavaada |
| Remainder of title | by Budh Prakash |
| 260 ## - PUBLICATION, DISTRIBUTION, ETC. (IMPRINT) | |
| Place of publication, distribution, etc | दिल्ली |
| Name of publisher, distributor, etc | राज पब्लिशिंग हाउस |
| Date of publication, distribution, etc | 2007 |
| 270 ## - ADDRESS | |
| Address | 9/5123, पुराना सीलमपुर (पूर्व) |
| City | दिल्ली |
| Postal code | 110031 |
| Telephone number | 22503781 |
| 300 ## - PHYSICAL DESCRIPTION | |
| Extent | 352पृ |
| Dimensions | 22सेमी (सजिल्द) |
| 500 ## - GENERAL NOTE | |
| General note | भाग-1 |
| 650 ## - SUBJECT ADDED ENTRY--TOPICAL TERM | |
| Topical term or geographic name as entry element | मानववाद |
| 650 ## - SUBJECT ADDED ENTRY--TOPICAL TERM | |
| Topical term or geographic name as entry element | Humanism |
| 650 ## - SUBJECT ADDED ENTRY--TOPICAL TERM | |
| Topical term or geographic name as entry element | आतंकवाद |
| 650 ## - SUBJECT ADDED ENTRY--TOPICAL TERM | |
| Topical term or geographic name as entry element | Terrorism |
| 942 ## - ADDED ENTRY ELEMENTS (KOHA) | |
| Source of classification or shelving scheme | Dewey Decimal Classification |
| Item type | Hindi Books |
| Call number suffix | बुद्धप्र |
| Classification part | 144 |
| Withdrawn status | Lost status | Source of classification or shelving scheme | Damaged status | Not for loan | Collection code | Home library | Current library | Date acquired | Source of acquisition | Cost, normal purchase price | Total Checkouts | Full call number | Barcode | Date last seen | Copy number | Cost, replacement price | Koha item type |
|---|---|---|---|---|---|---|---|---|---|---|---|---|---|---|---|---|---|
| Dewey Decimal Classification | Not For Loan | Non-fiction | D.B.Act.Division | D.B.Act.Division | 03/10/2008 | DBAD / PUB | 400.00 | 144 बुद्धप्र | HN-56601 | 03/10/2008 | 1 | 400.00 | Hindi Books |
